00321 a2200133 450000100060000002000150000604000240002110000190004524000350006424500300009930000060012936200090013565000430014445794 a0316233374 cAnchieta - Aquarius aShriver, Maria10aWhat´s wrong with Timmy?lpor10aWhat´s wrong with Timmy? a 0 a2001 4aLiteratura infanto-juvenil em inglês